Villes de Provence-Alpes-Côte-d'Azur de plus de 10 000 habitants - Statistiques

Statistiques générales
  • Ce quiz a été pris 158 fois
  • Le résultat moyen est 41 sur 92
Statistiques - réponses
Département Ville Population % Correct
13 Marseille 873076
99%
06 Nice 348085
98%
13 Aix-en-Provence 147478
96%
83 Toulon 180452
95%
06 Cannes 73255
94%
84 Avignon 90330
93%
06 Antibes 75130
85%
06 Menton 30412
84%
05 Gap 40500
83%
83 Fréjus 57082
82%
13 Aubagne 47342
81%
83 Hyères 55103
80%
13 Arles 50415
78%
83 Draguignan 39745
78%
06 Grasse 48323
78%
13 Martigues 48568
77%
84 Carpentras 30769
75%
83 La Seyne-sur-Mer 62763
75%
83 Saint-Raphaël 35950
75%
13 Istres 44577
73%
13 La Ciotat 36987
73%
84 Orange 28949
73%
04 Digne-les-Bains 17192
72%
13 Marignane 33003
69%
13 Salon-de-Provence 44731
69%
13 Vitrolles 35532
67%
04 Manosque 22926
66%
06 Cagnes-sur-Mer 52580
65%
05 Briançon 10561
64%
84 Cavaillon 25923
59%
84 Apt 10536
58%
83 Sainte-Maxime 14433
53%
06 Saint-Laurent-du-Var 30941
51%
06 Le Cannet 41597
49%
13 Fos-sur-Mer 15469
48%
83 Brignoles 17664
45%
13 Gardanne 21174
43%
13 Les Pennes-Mirabeau 22161
43%
84 Pertuis 20012
43%
13 Allauch 21490
42%
06 Mandelieu-la-Napoule 21561
42%
13 Miramas 26405
42%
83 Six-Fours-les-Plages 36203
42%
06 Vallauris 28025
40%
84 L'Isle-sur-la-Sorgue 19965
35%
83 La Garde 25912
34%
84 Le Pontet 17551
34%
83 Sanary-sur-Mer 17268
34%
83 Ollioules 14011
33%
13 Tarascon 15423
32%
13 Berre-l'Étang 13912
31%
06 Mougins 19677
31%
13 Port-de-Bouc 16136
31%
84 Sorgues 19117
31%
06 Vence 19415
31%
83 La Valette-du-Var 23955
30%
83 Saint-Cyr-sur-Mer 12103
30%
83 Roquebrune-sur-Argens 14448
27%
13 Châteaurenard 16669
26%
13 Bouc-Bel-Air 15248
25%
83 Le Luc 11053
25%
06 Villeneuve-Loubet 16779
25%
13 Plan-de-Cuques 11396
24%
83 Saint-Maximin-la-Sainte-Baume 17631
24%
06 Beausoleil 12674
23%
84 Bollène 13605
23%
13 Châteauneuf-les-Martigues 17909
23%
83 La Crau 19179
23%
13 Septèmes-les-Vallons 11734
23%
13 Trets 10678
23%
06 Valbonne 12754
23%
06 Roquebrune-Cap-Martin 12371
22%
13 Auriol 12839
21%
13 Saint-Martin-de-Crau 13729
21%
83 Cogolin 11762
20%
13 Cabriès 10070
19%
83 La Londe-les-Maures 11442
19%
13 Rognac 12175
19%
83 Solliès-Pont 12080
19%
83 Vidauban 12573
19%
06 Carros 13277
18%
83 Cuers 12550
17%
83 Le Pradet 10728
17%
13 Fuveau 10115
16%
06 La Trinité 10276
15%
83 Le Beausset 10007
15%
13 Pélissanne 10554
15%
06 Mouans-Sartoux 10531
14%
13 Gignac-la-Nerthe 10083
13%
84 Monteux 13129
13%
84 Vedène 11457
13%
84 Pernes-les-Fontaines 10636
12%
Aucun quiz correspondant
Distribution des résultats
% des personnes avec chaque résultat
Percentile par nombre de réponses
Votre historique - résultats
Vous n’avez pas pris ce quiz